Far Cry 2 Character Quiz - Statistics

General Stats
  • This quiz has been taken 6 times
  • The average score is 11 of 24
Answer Stats
Hint Answer % Correct
Frank Bilders
100%
Nasreen Davar
100%
Quarbani Singh
100%
The Jackal
100%
UFLL Addi Mbantuwe
50%
Buddies Andre Hyppolite
50%
Dr. Leon Gakumba
50%
Flora Guillen
50%
Hakim Echebbi
50%
APR Major Oliver Tambossa
50%
Marty Alencar
50%
Michele Dachss
50%
Nick Greaves
50%
Paul Ferenc
50%
Other Reuben Oluwagembi
50%
Warren Clyde
50%
Xianyong Bai
50%
Carbonell
0%
Hector Vorhees
0%
Josip Idromeno
0%
Kangaras
0%
Prosper Kouassi
0%
Quiepo
0%
Walton Purefoy
0%
No matching quizzes found
Score Distribution
Percent of People with Each Score
Percentile by Number Answered
Your Score History
You have not taken this quiz